Depuración de pastas / (Record no. 45935)
[ view plain ]
| 000 -LEADER | |
|---|---|
| campo de control de longitud fija | 00688nam a2200169 i 4500 |
| 001 - NÚMERO DE CONTROL | |
| campo de control | 45935 |
| 003 - IDENTIFICADOR DE NÚMERO DE CONTROL | |
| campo de control | ES-MaACL |
| 005 - FECHA Y HORA DE LA ÚLTIMA TRANSACCIÓN | |
| campo de control | 20230906161313.0 |
| 007 - CAMPO FIJO DE DESCRIPCIÓN FÍSICA--INFORMACIÓN GENERAL | |
| campo de control de longitud fija | t| |
| 008 - DATOS DE LONGITUD FIJA--INFORMACIÓN GENERAL | |
| campo de control de longitud fija | 030327s1970 sp ||||1| spa d |
| 110 2# - ENTRADA PRINCIPAL--NOMBRE DE ENTIDAD CORPORATIVA | |
| Nombre de entidad corporativa o nombre de jurisdicción como elemento de entrada | Comités Técnicos de Pastas de Papeles ( |
| Fecha del congreso o de la firma del tratado | 1970. |
| Sede del congreso/Lugar de la reunión | Tolosa) |
| 9 (RLIN) | 3098 |
| 245 10 - MENCIÓN DEL TÍTULO | |
| Título | Depuración de pastas / |
| Mención de responsabilidad, etc. | Comités Técnicos de Pastas de Papeles ; ponentes: Srs, Reñe, Parry, Flañó, Giampa. |
| 260 ## - PUBLICACIÓN, DISTRIBUCIÓN, ETC. | |
| Lugar de publicación, distribución, etc. | Tolosa : |
| Nombre del editor, distribuidor, etc. | Asociación de Investigación Técnica de la Industria Papelera Española, |
| Fecha de publicación, distribución, etc. | [1970] |
| 300 ## - DESCRIPCIÓN FÍSICA | |
| Extensión | 105 p. ; |
| Dimensiones | 23 cm. |
| 710 2# - ENTRADA AGREGADA--NOMBRE DE ENTIDAD CORPORATIVA | |
| Nombre de entidad corporativa o nombre de jurisdicción como elemento de entrada | Asociación de Investigación Técnica de la Industria Papelera Española. |
| 9 (RLIN) | 1602 |
| 852 ## - LOCALIZACIÓN | |
| Ubicación | ES-MaACL |
| Número de control de estantería | C-47462 |
| Sublocalización o colección | R.77302 |
| Estatus retirado | Estado de pérdida | Estado de daño | No para préstamo | Biblioteca de origen | Biblioteca actual | Ubicación en estantería | Fecha de adquisición | Fuente de adquisición | Total de préstamos | Signatura topográfica completa | Código de barras | Visto por última vez | Precio de reemplazo | Tipo de ítem Koha |
|---|---|---|---|---|---|---|---|---|---|---|---|---|---|---|
| Biblioteca del Ateneo de Madrid | Biblioteca del Ateneo de Madrid | Depósito 2 | 17/01/2008 | C-47462 | 1048325 | 23/02/2023 | 23/02/2023 | Libro impreso |
